<?xml version="1.0" encoding="UTF-8"?>
<collection xmlns="http://www.loc.gov/MARC21/slim">
 <record>
  <leader>08080nai a22010817i 4500</leader>
  <controlfield tag="001">000696488</controlfield>
  <controlfield tag="003">CZ-PrVSE</controlfield>
  <controlfield tag="005">20260217095506.0</controlfield>
  <controlfield tag="007">ta</controlfield>
  <controlfield tag="008">070228c20069999xr ar-p r     0   a0cze d</controlfield>
  <datafield tag="015" ind1=" " ind2=" ">
   <subfield code="a">cnb001710684</subfield>
   <subfield code="z">cnb001849789</subfield>
  </datafield>
  <datafield tag="035" ind1=" " ind2=" ">
   <subfield code="a">(OCoLC)124091950</subfield>
  </datafield>
  <datafield tag="040" ind1=" " ind2=" ">
   <subfield code="a">ABA001</subfield>
   <subfield code="b">cze</subfield>
   <subfield code="c">ABA006</subfield>
   <subfield code="d">OLA001</subfield>
   <subfield code="d">ABA006</subfield>
   <subfield code="e">rda</subfield>
  </datafield>
  <datafield tag="072" ind1=" " ind2="7">
   <subfield code="a">349</subfield>
   <subfield code="x">Pracovní, sociální, stavební právo. Právo životního prostředí</subfield>
   <subfield code="2">Konspekt</subfield>
   <subfield code="9">16</subfield>
  </datafield>
  <datafield tag="072" ind1=" " ind2="9">
   <subfield code="a">344</subfield>
   <subfield code="x">Labor, social service law</subfield>
   <subfield code="2">Conspectus</subfield>
   <subfield code="9">16</subfield>
  </datafield>
  <datafield tag="080" ind1=" " ind2=" ">
   <subfield code="a">349.2</subfield>
   <subfield code="2">MRF_2014</subfield>
  </datafield>
  <datafield tag="080" ind1=" " ind2=" ">
   <subfield code="a">331.106</subfield>
   <subfield code="2">MRF_2014</subfield>
  </datafield>
  <datafield tag="080" ind1=" " ind2=" ">
   <subfield code="a">(437.3)</subfield>
   <subfield code="2">MRF_2003</subfield>
  </datafield>
  <datafield tag="080" ind1=" " ind2=" ">
   <subfield code="a">(094.5)</subfield>
   <subfield code="2">MRF_2003</subfield>
  </datafield>
  <datafield tag="080" ind1=" " ind2=" ">
   <subfield code="a">(0.072)</subfield>
   <subfield code="2">MRF_2003</subfield>
  </datafield>
  <datafield tag="099" ind1=" " ind2="9">
   <subfield code="a">349.2ROU</subfield>
  </datafield>
  <datafield tag="100" ind1="1" ind2=" ">
   <subfield code="a">Roučková, Dana,</subfield>
   <subfield code="d">1975-</subfield>
   <subfield code="7">ola2018977884</subfield>
   <subfield code="4">cwt</subfield>
  </datafield>
  <datafield tag="245" ind1="1" ind2="0">
   <subfield code="a">Zákoník práce k ... /</subfield>
   <subfield code="c">Dana Roučková, Zdeněk Schmied</subfield>
  </datafield>
  <datafield tag="247" ind1="1" ind2="0">
   <subfield code="a">Nový zákoník práce</subfield>
   <subfield code="f">2007</subfield>
  </datafield>
  <datafield tag="247" ind1="1" ind2="0">
   <subfield code="a">Zákoník práce</subfield>
   <subfield code="f">2008-2020</subfield>
  </datafield>
  <datafield tag="264" ind1=" " ind2="1">
   <subfield code="a">Olomouc :</subfield>
   <subfield code="b">ANAG,</subfield>
   <subfield code="c">2006-</subfield>
  </datafield>
  <datafield tag="300" ind1=" " ind2=" ">
   <subfield code="a">   svazků</subfield>
  </datafield>
  <datafield tag="310" ind1=" " ind2=" ">
   <subfield code="a">Aktualizováno nepravidelně</subfield>
  </datafield>
  <datafield tag="336" ind1=" " ind2=" ">
   <subfield code="a">text</subfield>
   <subfield code="b">txt</subfield>
   <subfield code="2">rdacontent</subfield>
  </datafield>
  <datafield tag="337" ind1=" " ind2=" ">
   <subfield code="a">bez média</subfield>
   <subfield code="b">n</subfield>
   <subfield code="2">rdamedia</subfield>
  </datafield>
  <datafield tag="338" ind1=" " ind2=" ">
   <subfield code="a">svazek</subfield>
   <subfield code="b">nc</subfield>
   <subfield code="2">rdacarrier</subfield>
  </datafield>
  <datafield tag="490" ind1="1" ind2=" ">
   <subfield code="a">Práce, mzdy, pojištění</subfield>
  </datafield>
  <datafield tag="500" ind1=" " ind2=" ">
   <subfield code="a">Součástí názvu je datum nebo označení běžného roku (názvy a podnázvy se nevýznamně mění)</subfield>
  </datafield>
  <datafield tag="500" ind1=" " ind2=" ">
   <subfield code="a">V některých aktualizacích též autoři: Ladislav Trylč, Jaroslav Jakubka</subfield>
  </datafield>
  <datafield tag="500" ind1=" " ind2=" ">
   <subfield code="a">Jednotlivé svazky mají ISBN</subfield>
  </datafield>
  <datafield tag="588" ind1=" " ind2=" ">
   <subfield code="a">Popsáno podle: 1. vydání (2006) včetně: 24. aktualizované vydání k 1. 1. 2026</subfield>
   <subfield code="5">CZ-PrVSE</subfield>
  </datafield>
  <datafield tag="650" ind1="0" ind2="7">
   <subfield code="a">pracovní právo</subfield>
   <subfield code="7">ph115872</subfield>
   <subfield code="2">czenas</subfield>
  </datafield>
  <datafield tag="650" ind1="0" ind2="7">
   <subfield code="a">pracovněprávní vztahy</subfield>
   <subfield code="7">ph124524</subfield>
   <subfield code="2">czenas</subfield>
  </datafield>
  <datafield tag="651" ind1=" " ind2="7">
   <subfield code="a">Česko</subfield>
   <subfield code="7">ge128065</subfield>
   <subfield code="2">czenas</subfield>
  </datafield>
  <datafield tag="655" ind1=" " ind2="7">
   <subfield code="a">zákony</subfield>
   <subfield code="7">fd133886</subfield>
   <subfield code="2">czenas</subfield>
  </datafield>
  <datafield tag="655" ind1=" " ind2="7">
   <subfield code="a">komentáře</subfield>
   <subfield code="7">fd132578</subfield>
   <subfield code="2">czenas</subfield>
  </datafield>
  <datafield tag="650" ind1="0" ind2="9">
   <subfield code="a">labor laws and legislation</subfield>
   <subfield code="2">eczenas</subfield>
  </datafield>
  <datafield tag="650" ind1="0" ind2="9">
   <subfield code="a">labor-law relations</subfield>
   <subfield code="2">eczenas</subfield>
  </datafield>
  <datafield tag="651" ind1=" " ind2="9">
   <subfield code="a">Czechia</subfield>
   <subfield code="2">eczenas</subfield>
  </datafield>
  <datafield tag="655" ind1=" " ind2="9">
   <subfield code="a">laws</subfield>
   <subfield code="2">eczenas</subfield>
  </datafield>
  <datafield tag="655" ind1=" " ind2="9">
   <subfield code="a">commentaries</subfield>
   <subfield code="2">eczenas</subfield>
  </datafield>
  <datafield tag="700" ind1="1" ind2=" ">
   <subfield code="a">Schmied, Zdeněk</subfield>
   <subfield code="7">mzk2008459031</subfield>
   <subfield code="4">cwt</subfield>
  </datafield>
  <datafield tag="700" ind1="1" ind2=" ">
   <subfield code="a">Trylč, Ladislav</subfield>
   <subfield code="7">ola2004231485</subfield>
   <subfield code="4">cwt</subfield>
  </datafield>
  <datafield tag="700" ind1="1" ind2=" ">
   <subfield code="a">Jakubka, Jaroslav,</subfield>
   <subfield code="d">1948-2011</subfield>
   <subfield code="7">jn20000401177</subfield>
   <subfield code="4">cwt</subfield>
  </datafield>
  <datafield tag="710" ind1="1" ind2="2">
   <subfield code="a">Česko.</subfield>
   <subfield code="t">Zákoník práce (2006, novely 2006-    )</subfield>
   <subfield code="7">kon2007387506</subfield>
  </datafield>
  <datafield tag="830" ind1=" " ind2="0">
   <subfield code="a">Práce, mzdy, pojištění</subfield>
  </datafield>
  <datafield tag="993" ind1=" " ind2=" ">
   <subfield code="a">003044901</subfield>
  </datafield>
  <datafield tag="902" ind1=" " ind2=" ">
   <subfield code="a">80-7263-347-3</subfield>
   <subfield code="q">(1. vydání, 1.1.2007 ;</subfield>
   <subfield code="q">brožováno)</subfield>
  </datafield>
  <datafield tag="902" ind1=" " ind2=" ">
   <subfield code="a">978-80-7263-449-1</subfield>
   <subfield code="q">(4. vydání, 14.4.2008 ;</subfield>
   <subfield code="q">brožováno)</subfield>
  </datafield>
  <datafield tag="902" ind1=" " ind2=" ">
   <subfield code="a">978-80-7263-567-2</subfield>
   <subfield code="q">(6. vydání, 2010 ;</subfield>
   <subfield code="q">brožováno)</subfield>
  </datafield>
  <datafield tag="902" ind1=" " ind2=" ">
   <subfield code="a">978-80-7263-848-2</subfield>
   <subfield code="q">(10. vydání, 2014 ;</subfield>
   <subfield code="q">brožováno)</subfield>
  </datafield>
  <datafield tag="902" ind1=" " ind2=" ">
   <subfield code="a">978-80-7263-987-8</subfield>
   <subfield code="q">(12. vydání, 2016 ;</subfield>
   <subfield code="q">brožováno)</subfield>
  </datafield>
  <datafield tag="902" ind1=" " ind2=" ">
   <subfield code="a">978-80-7554-058-4</subfield>
   <subfield code="q">(13. vydání, 2017 ;</subfield>
   <subfield code="q">brožováno)</subfield>
  </datafield>
  <datafield tag="902" ind1=" " ind2=" ">
   <subfield code="a">978-80-7554-112-3</subfield>
   <subfield code="q">(14. vydání, 2018 ;</subfield>
   <subfield code="q">brožováno)</subfield>
  </datafield>
  <datafield tag="902" ind1=" " ind2=" ">
   <subfield code="a">978-80-7554-185-7</subfield>
   <subfield code="q">(15. vydání, 2019 ;</subfield>
   <subfield code="q">brožováno)</subfield>
  </datafield>
  <datafield tag="902" ind1=" " ind2=" ">
   <subfield code="a">978-80-7554-247-2</subfield>
   <subfield code="q">(16. vydání, 2020 ;</subfield>
   <subfield code="q">brožováno)</subfield>
  </datafield>
  <datafield tag="902" ind1=" " ind2=" ">
   <subfield code="a">978-80-7554-278-6</subfield>
   <subfield code="q">(16. vydání, 2020</subfield>
   <subfield code="q">brožováno)</subfield>
  </datafield>
  <datafield tag="902" ind1=" " ind2=" ">
   <subfield code="a">978-80-7554-300-4</subfield>
   <subfield code="q">(18. vydání, 1.1.2021 ;</subfield>
   <subfield code="q">brožováno)</subfield>
  </datafield>
  <datafield tag="902" ind1=" " ind2=" ">
   <subfield code="a">978-80-7554-344-8</subfield>
   <subfield code="q">(19. vydání, 1.1.2022 ;</subfield>
   <subfield code="q">brožováno)</subfield>
  </datafield>
  <datafield tag="902" ind1=" " ind2=" ">
   <subfield code="a">978-80-7554-375-2</subfield>
   <subfield code="q">(20. vydání, 1.1.2023 ;</subfield>
   <subfield code="q">brožováno)</subfield>
  </datafield>
  <datafield tag="902" ind1=" " ind2=" ">
   <subfield code="a">978-80-7554-397-4</subfield>
   <subfield code="q">(21. vydání, k 1.10.2023 a 1.1.2024 ;</subfield>
   <subfield code="q">brožováno)</subfield>
  </datafield>
  <datafield tag="902" ind1=" " ind2=" ">
   <subfield code="a">978-80-7554-414-8</subfield>
   <subfield code="q">(22. vydání, k 1. 1. 2025)</subfield>
  </datafield>
  <datafield tag="902" ind1=" " ind2=" ">
   <subfield code="a">978-80-7554-423-0</subfield>
   <subfield code="q">(23. vydání, po tzv. flexinovele k 1.6.2025 ;</subfield>
   <subfield code="q">brožováno)</subfield>
  </datafield>
  <datafield tag="902" ind1=" " ind2=" ">
   <subfield code="a">978-80-7554-431-5</subfield>
   <subfield code="q">(24. aktualizované vydání, 1.1.2026 ;</subfield>
   <subfield code="q">brožováno)</subfield>
  </datafield>
  <datafield tag="910" ind1=" " ind2=" ">
   <subfield code="a">ABA006</subfield>
   <subfield code="s">2007 (2006), 2008, 201, 2014, 2016, 2017, 2018, 2019, 2020, 2021, 2022, 2023, 2023/2024, 2025, 2026</subfield>
   <subfield code="t">n</subfield>
  </datafield>
  <datafield tag="996" ind1=" " ind2=" ">
   <subfield code="1">HPUVV</subfield>
   <subfield code="3">A 13909-V1</subfield>
   <subfield code="5">4202144621</subfield>
   <subfield code="7">17. vydání, 2020</subfield>
   <subfield code="8">20200908</subfield>
   <subfield code="9">349.2ROU</subfield>
   <subfield code="a">2020</subfield>
   <subfield code="b">2020</subfield>
   <subfield code="f">81</subfield>
   <subfield code="g">1077</subfield>
   <subfield code="h">17. vydání, 2020</subfield>
   <subfield code="l">UEP01</subfield>
   <subfield code="m">BOOK</subfield>
   <subfield code="q">Knihovna FM JH volný výběr</subfield>
   <subfield code="t">na 1 měsíc</subfield>
   <subfield code="u">UEP01</subfield>
  </datafield>
  <datafield tag="996" ind1=" " ind2=" ">
   <subfield code="1">HSKL1</subfield>
   <subfield code="3">A 8397-V1</subfield>
   <subfield code="4">N:P</subfield>
   <subfield code="5">4202131378</subfield>
   <subfield code="7">6. vydání, 2010</subfield>
   <subfield code="8">20100301</subfield>
   <subfield code="9">349.2JAK</subfield>
   <subfield code="a">2010</subfield>
   <subfield code="b">2010</subfield>
   <subfield code="f">81</subfield>
   <subfield code="h">6. vydání, 2010</subfield>
   <subfield code="l">UEP01</subfield>
   <subfield code="m">BOOK</subfield>
   <subfield code="q">Knihovna FM JH sklad I</subfield>
   <subfield code="t">na 1 měsíc</subfield>
   <subfield code="u">UEP01</subfield>
  </datafield>
  <datafield tag="996" ind1=" " ind2=" ">
   <subfield code="1">HSTU1</subfield>
   <subfield code="3">A 13594-V1</subfield>
   <subfield code="4">N:P</subfield>
   <subfield code="5">4202143821</subfield>
   <subfield code="7">15. vydání, 2019</subfield>
   <subfield code="8">20190626</subfield>
   <subfield code="9">349.2ROU</subfield>
   <subfield code="a">2019</subfield>
   <subfield code="b">2019</subfield>
   <subfield code="f">85</subfield>
   <subfield code="g">727</subfield>
   <subfield code="h">15. vydání, 2019</subfield>
   <subfield code="l">UEP01</subfield>
   <subfield code="m">BOOK</subfield>
   <subfield code="q">Knihovna FM JH studovna I</subfield>
   <subfield code="t">prezenční</subfield>
   <subfield code="u">UEP01</subfield>
  </datafield>
  <datafield tag="996" ind1=" " ind2=" ">
   <subfield code="1">PJMHS</subfield>
   <subfield code="2">SSAVS</subfield>
   <subfield code="3">F236952a</subfield>
   <subfield code="4">N:G</subfield>
   <subfield code="5">3142369172</subfield>
   <subfield code="7">21. vydání, k 1.10.2023 a 1.1.2024</subfield>
   <subfield code="8">20240405</subfield>
   <subfield code="9">349.2ROU</subfield>
   <subfield code="a">2024</subfield>
   <subfield code="b">2024</subfield>
   <subfield code="f">85</subfield>
   <subfield code="h">21. vydání, k 1.10.2023 a 1.1.2024</subfield>
   <subfield code="l">UEP01</subfield>
   <subfield code="m">BOOK</subfield>
   <subfield code="q">Studovna JM</subfield>
   <subfield code="r">ŠKODA AUTO VŠ</subfield>
   <subfield code="t">prezenční</subfield>
   <subfield code="u">UEP01</subfield>
   <subfield code="w">20240409</subfield>
  </datafield>
  <datafield tag="996" ind1=" " ind2=" ">
   <subfield code="1">PSKLA</subfield>
   <subfield code="3">F199121</subfield>
   <subfield code="4">N:P</subfield>
   <subfield code="5">3142220456</subfield>
   <subfield code="7">4. vydání, 14.4.2008</subfield>
   <subfield code="8">20080509</subfield>
   <subfield code="9">349.2JAK</subfield>
   <subfield code="a">2008</subfield>
   <subfield code="b">2008</subfield>
   <subfield code="f">81</subfield>
   <subfield code="g">15932</subfield>
   <subfield code="h">4. vydání, 14.4.2008</subfield>
   <subfield code="l">UEP01</subfield>
   <subfield code="m">BOOK</subfield>
   <subfield code="q">Knihovna Žižkov - sklad</subfield>
   <subfield code="t">na 1 měsíc</subfield>
   <subfield code="u">UEP01</subfield>
   <subfield code="w">20080609</subfield>
  </datafield>
  <datafield tag="996" ind1=" " ind2=" ">
   <subfield code="1">PSKLA</subfield>
   <subfield code="3">F200856</subfield>
   <subfield code="4">N:náhrada</subfield>
   <subfield code="5">3142224937</subfield>
   <subfield code="7">1. vyd., 1.1.2007 (2006)</subfield>
   <subfield code="8">20090204</subfield>
   <subfield code="9">349.2JAK</subfield>
   <subfield code="a">2006</subfield>
   <subfield code="b">2006</subfield>
   <subfield code="f">81</subfield>
   <subfield code="h">1. vyd., 1.1.2007 (2006)</subfield>
   <subfield code="l">UEP01</subfield>
   <subfield code="m">BOOK</subfield>
   <subfield code="q">Knihovna Žižkov - sklad</subfield>
   <subfield code="t">na 1 měsíc</subfield>
   <subfield code="u">UEP01</subfield>
   <subfield code="w">20090212</subfield>
  </datafield>
  <datafield tag="996" ind1=" " ind2=" ">
   <subfield code="1">PSKLA</subfield>
   <subfield code="3">F217090</subfield>
   <subfield code="4">N:P</subfield>
   <subfield code="5">3142272095</subfield>
   <subfield code="7">10. vydání, 2014</subfield>
   <subfield code="8">20140124</subfield>
   <subfield code="9">349.2SCHM</subfield>
   <subfield code="a">2014</subfield>
   <subfield code="b">2014</subfield>
   <subfield code="f">81</subfield>
   <subfield code="g">38221</subfield>
   <subfield code="h">10. vydání, 2014</subfield>
   <subfield code="l">UEP01</subfield>
   <subfield code="m">BOOK</subfield>
   <subfield code="q">Knihovna Žižkov - sklad</subfield>
   <subfield code="t">na 1 měsíc</subfield>
   <subfield code="u">UEP01</subfield>
   <subfield code="w">20140211</subfield>
  </datafield>
  <datafield tag="996" ind1=" " ind2=" ">
   <subfield code="1">PSKLA</subfield>
   <subfield code="3">F217090a</subfield>
   <subfield code="4">N:P</subfield>
   <subfield code="5">3142272096</subfield>
   <subfield code="7">10. vydání, 2014</subfield>
   <subfield code="8">20140124</subfield>
   <subfield code="9">349.2SCHM</subfield>
   <subfield code="a">2014</subfield>
   <subfield code="b">2014</subfield>
   <subfield code="f">81</subfield>
   <subfield code="g">38221</subfield>
   <subfield code="h">10. vydání, 2014</subfield>
   <subfield code="l">UEP01</subfield>
   <subfield code="m">BOOK</subfield>
   <subfield code="q">Knihovna Žižkov - sklad</subfield>
   <subfield code="t">na 1 měsíc</subfield>
   <subfield code="u">UEP01</subfield>
   <subfield code="w">20140205</subfield>
  </datafield>
  <datafield tag="996" ind1=" " ind2=" ">
   <subfield code="1">PSKLA</subfield>
   <subfield code="3">F222944</subfield>
   <subfield code="4">N:P</subfield>
   <subfield code="5">3142287131</subfield>
   <subfield code="7">12. vydání, 2016</subfield>
   <subfield code="8">20160121</subfield>
   <subfield code="9">349.2SCHM</subfield>
   <subfield code="a">2016</subfield>
   <subfield code="b">2016</subfield>
   <subfield code="f">81</subfield>
   <subfield code="g">44056</subfield>
   <subfield code="h">12. vydání, 2016</subfield>
   <subfield code="l">UEP01</subfield>
   <subfield code="m">BOOK</subfield>
   <subfield code="q">Knihovna Žižkov - sklad</subfield>
   <subfield code="t">na 1 měsíc</subfield>
   <subfield code="u">UEP01</subfield>
   <subfield code="w">20160211</subfield>
  </datafield>
  <datafield tag="996" ind1=" " ind2=" ">
   <subfield code="1">PSKLA</subfield>
   <subfield code="3">F225063</subfield>
   <subfield code="4">N:P</subfield>
   <subfield code="5">3142298571</subfield>
   <subfield code="7">13. vydání, 2017</subfield>
   <subfield code="8">20170119</subfield>
   <subfield code="9">349.2SCHM</subfield>
   <subfield code="a">2017</subfield>
   <subfield code="b">2017</subfield>
   <subfield code="f">81</subfield>
   <subfield code="g">46346</subfield>
   <subfield code="h">13. vydání, 2017</subfield>
   <subfield code="l">UEP01</subfield>
   <subfield code="m">BOOK</subfield>
   <subfield code="q">Knihovna Žižkov - sklad</subfield>
   <subfield code="t">na 1 měsíc</subfield>
   <subfield code="u">UEP01</subfield>
   <subfield code="w">20170203</subfield>
  </datafield>
  <datafield tag="996" ind1=" " ind2=" ">
   <subfield code="1">PSKLA</subfield>
   <subfield code="3">F227184</subfield>
   <subfield code="4">N:P</subfield>
   <subfield code="5">3142309074</subfield>
   <subfield code="7">14. vydání, 2018</subfield>
   <subfield code="8">20180118</subfield>
   <subfield code="9">349.2ROU</subfield>
   <subfield code="a">2018</subfield>
   <subfield code="b">2018</subfield>
   <subfield code="f">81</subfield>
   <subfield code="g">48422</subfield>
   <subfield code="h">14. vydání, 2018</subfield>
   <subfield code="l">UEP01</subfield>
   <subfield code="m">BOOK</subfield>
   <subfield code="q">Knihovna Žižkov - sklad</subfield>
   <subfield code="t">na 1 měsíc</subfield>
   <subfield code="u">UEP01</subfield>
   <subfield code="w">20180205</subfield>
  </datafield>
  <datafield tag="996" ind1=" " ind2=" ">
   <subfield code="1">PSKLA</subfield>
   <subfield code="3">F228843</subfield>
   <subfield code="4">N:P</subfield>
   <subfield code="5">3142324486</subfield>
   <subfield code="7">15. vydání, 2019</subfield>
   <subfield code="8">20190118</subfield>
   <subfield code="9">349.2ROU</subfield>
   <subfield code="a">2019</subfield>
   <subfield code="b">2019</subfield>
   <subfield code="f">81</subfield>
   <subfield code="g">50317</subfield>
   <subfield code="h">15. vydání, 2019</subfield>
   <subfield code="l">UEP01</subfield>
   <subfield code="m">BOOK</subfield>
   <subfield code="q">Knihovna Žižkov - sklad</subfield>
   <subfield code="t">na 1 měsíc</subfield>
   <subfield code="u">UEP01</subfield>
   <subfield code="w">20190208</subfield>
  </datafield>
  <datafield tag="996" ind1=" " ind2=" ">
   <subfield code="1">PSKLA</subfield>
   <subfield code="3">F230835</subfield>
   <subfield code="4">N:P</subfield>
   <subfield code="5">3142337759</subfield>
   <subfield code="7">16. vydání, 2020</subfield>
   <subfield code="8">20200228</subfield>
   <subfield code="9">349.2ROU</subfield>
   <subfield code="a">2020</subfield>
   <subfield code="b">2020</subfield>
   <subfield code="f">81</subfield>
   <subfield code="g">52855</subfield>
   <subfield code="h">16. vydání, 2020</subfield>
   <subfield code="l">UEP01</subfield>
   <subfield code="m">BOOK</subfield>
   <subfield code="q">Knihovna Žižkov - sklad</subfield>
   <subfield code="t">na 1 měsíc</subfield>
   <subfield code="u">UEP01</subfield>
   <subfield code="w">20200330</subfield>
  </datafield>
  <datafield tag="996" ind1=" " ind2=" ">
   <subfield code="1">PSKLA</subfield>
   <subfield code="3">F231452</subfield>
   <subfield code="4">N:P</subfield>
   <subfield code="5">3142340990</subfield>
   <subfield code="7">k 30. 7. 2020</subfield>
   <subfield code="8">20200820</subfield>
   <subfield code="9">349.2ROU</subfield>
   <subfield code="a">2020</subfield>
   <subfield code="b">2020</subfield>
   <subfield code="f">81</subfield>
   <subfield code="g">53840</subfield>
   <subfield code="h">k 30. 7. 2020</subfield>
   <subfield code="l">UEP01</subfield>
   <subfield code="m">BOOK</subfield>
   <subfield code="q">Knihovna Žižkov - sklad</subfield>
   <subfield code="t">na 1 měsíc</subfield>
   <subfield code="u">UEP01</subfield>
   <subfield code="w">20200902</subfield>
  </datafield>
  <datafield tag="996" ind1=" " ind2=" ">
   <subfield code="1">PSTUD</subfield>
   <subfield code="3">F232590</subfield>
   <subfield code="4">N:P</subfield>
   <subfield code="5">3142348336</subfield>
   <subfield code="7">18. vydání, 1.1.2021</subfield>
   <subfield code="8">20210208</subfield>
   <subfield code="9">349.2ROU</subfield>
   <subfield code="a">2021</subfield>
   <subfield code="b">2021</subfield>
   <subfield code="f">81</subfield>
   <subfield code="g">55214</subfield>
   <subfield code="h">18. vydání, 1.1.2021</subfield>
   <subfield code="l">UEP01</subfield>
   <subfield code="m">BOOK</subfield>
   <subfield code="q">Studovna Žižkov</subfield>
   <subfield code="t">na 1 měsíc</subfield>
   <subfield code="u">UEP01</subfield>
   <subfield code="w">20210412</subfield>
  </datafield>
  <datafield tag="996" ind1=" " ind2=" ">
   <subfield code="1">PSTUD</subfield>
   <subfield code="3">F234447</subfield>
   <subfield code="4">N:P</subfield>
   <subfield code="5">3142358139</subfield>
   <subfield code="7">19. vydání, 1.1.2022</subfield>
   <subfield code="8">20220216</subfield>
   <subfield code="9">349.2ROU</subfield>
   <subfield code="a">2022</subfield>
   <subfield code="b">2022</subfield>
   <subfield code="f">81</subfield>
   <subfield code="g">57185</subfield>
   <subfield code="h">19. vydání, 1.1.2022</subfield>
   <subfield code="l">UEP01</subfield>
   <subfield code="m">BOOK</subfield>
   <subfield code="q">Studovna Žižkov</subfield>
   <subfield code="t">na 1 měsíc</subfield>
   <subfield code="u">UEP01</subfield>
   <subfield code="w">20220224</subfield>
  </datafield>
  <datafield tag="996" ind1=" " ind2=" ">
   <subfield code="1">PSTUD</subfield>
   <subfield code="3">F236198</subfield>
   <subfield code="4">N:P</subfield>
   <subfield code="5">3142363551</subfield>
   <subfield code="7">20. vyd., 1.1.2023</subfield>
   <subfield code="8">20230130</subfield>
   <subfield code="9">349.2ROU</subfield>
   <subfield code="a">2023</subfield>
   <subfield code="b">2023</subfield>
   <subfield code="f">81</subfield>
   <subfield code="g">58927</subfield>
   <subfield code="h">20. vyd., 1.1.2023</subfield>
   <subfield code="l">UEP01</subfield>
   <subfield code="m">BOOK</subfield>
   <subfield code="q">Studovna Žižkov</subfield>
   <subfield code="t">na 1 měsíc</subfield>
   <subfield code="u">UEP01</subfield>
   <subfield code="w">20230214</subfield>
  </datafield>
  <datafield tag="996" ind1=" " ind2=" ">
   <subfield code="1">PSTUD</subfield>
   <subfield code="3">F236952</subfield>
   <subfield code="4">N:P</subfield>
   <subfield code="5">3142358320</subfield>
   <subfield code="7">21. vydání, k 1.10.2023 a 1.1.2024</subfield>
   <subfield code="8">20230929</subfield>
   <subfield code="9">349.2ROU</subfield>
   <subfield code="a">2024</subfield>
   <subfield code="b">2024</subfield>
   <subfield code="f">81</subfield>
   <subfield code="g">59838</subfield>
   <subfield code="h">21. vydání, k 1.10.2023 a 1.1.2024</subfield>
   <subfield code="l">UEP01</subfield>
   <subfield code="m">BOOK</subfield>
   <subfield code="q">Studovna Žižkov</subfield>
   <subfield code="t">na 1 měsíc</subfield>
   <subfield code="u">UEP01</subfield>
   <subfield code="w">20231101</subfield>
  </datafield>
  <datafield tag="996" ind1=" " ind2=" ">
   <subfield code="1">PSTUD</subfield>
   <subfield code="3">F238199</subfield>
   <subfield code="4">N:P</subfield>
   <subfield code="5">3142372810</subfield>
   <subfield code="7">22. vydání, k 1. 1. 2025</subfield>
   <subfield code="8">20250123</subfield>
   <subfield code="9">349.2ROU</subfield>
   <subfield code="a">2025</subfield>
   <subfield code="b">2025</subfield>
   <subfield code="c">22</subfield>
   <subfield code="f">81</subfield>
   <subfield code="g">61560</subfield>
   <subfield code="h">22. vydání, k 1. 1. 2025</subfield>
   <subfield code="l">UEP01</subfield>
   <subfield code="m">BOOK</subfield>
   <subfield code="q">Studovna Žižkov</subfield>
   <subfield code="t">na 1 měsíc</subfield>
   <subfield code="u">UEP01</subfield>
   <subfield code="w">20250130</subfield>
  </datafield>
  <datafield tag="996" ind1=" " ind2=" ">
   <subfield code="1">PSTUD</subfield>
   <subfield code="3">F238681</subfield>
   <subfield code="4">N:P</subfield>
   <subfield code="5">3142374828</subfield>
   <subfield code="7">23. vydání, po tzv. flexinovele k 1. 6. 2025</subfield>
   <subfield code="8">20250523</subfield>
   <subfield code="9">349.2ROU</subfield>
   <subfield code="a">2025</subfield>
   <subfield code="b">2025</subfield>
   <subfield code="c">23</subfield>
   <subfield code="f">81</subfield>
   <subfield code="g">62064</subfield>
   <subfield code="h">23. vydání, po tzv. flexinovele k 1. 6. 2025</subfield>
   <subfield code="l">UEP01</subfield>
   <subfield code="m">BOOK</subfield>
   <subfield code="q">Studovna Žižkov</subfield>
   <subfield code="t">na 1 měsíc</subfield>
   <subfield code="u">UEP01</subfield>
   <subfield code="w">20250530</subfield>
  </datafield>
  <datafield tag="996" ind1=" " ind2=" ">
   <subfield code="1">PSTUD</subfield>
   <subfield code="3">F239370</subfield>
   <subfield code="4">N:P</subfield>
   <subfield code="5">3142377937</subfield>
   <subfield code="7">24. vydání, 1.1.2026</subfield>
   <subfield code="8">20260126</subfield>
   <subfield code="9">349.2ROU</subfield>
   <subfield code="b">2026</subfield>
   <subfield code="f">81</subfield>
   <subfield code="g">62870</subfield>
   <subfield code="h">24. vydání, 1.1.2026</subfield>
   <subfield code="l">UEP01</subfield>
   <subfield code="m">BOOK</subfield>
   <subfield code="q">Studovna Žižkov</subfield>
   <subfield code="t">na 1 měsíc</subfield>
   <subfield code="u">UEP01</subfield>
   <subfield code="w">20260220</subfield>
  </datafield>
 </record>
</collection>
